Online Catalogue and eLibrary

Sivura ha nagula (Record no. 920)

MARC details
000 -LEADER
fixed length control field 00387nam a2200157Ia 4500
005 - DATE AND TIME OF LATEST TRANSACTION
control field 20250516024015.0
008 - FIXED-LENGTH DATA ELEMENTS--GENERAL INFORMATION
fixed length control field 240331s9999 xx 000 0 und d
020 ## - INTERNATIONAL STANDARD BOOK NUMBER
ISBN 9559102028
082 ## - DDC Classification
Class No. 294.3
Item Number - Author Mark GUN
100 ## - MAIN ENTRY--PERSONAL NAME
Personal name Gunawardhne, R
245 #0 - TITLE STATEMENT
Title Sivura ha nagula
260 ## - PUBLICATION, DISTRIBUTION, ETC.
Place of publication, distribution, etc. Colombo
Name of publisher, distributor, etc. Social Scientist Association
Date of publication, distribution, etc. 1993
300 ## - PHYSICAL DESCRIPTION
Extent (e.g. Volumes, Pages etc.) 402 p .,
500 ## - GENERAL NOTE
General note Robe and plough
942 ## - Koha item type (Biblio)
Koha item type Books in Stacks (Lending)
Holdings
Lost status Damaged status Collection code Home library Current library Shelving location Date acquired Full call number Accession Number Item type
    Lending WERC Library WERC Library Social Science Cupboard 03/31/2024 294.3 GUN 3301 Books in Stacks (Lending)

© WERC Library